[Event "España tch ONCE 2009 Segunda División"]
[Site "Fuengirola ESP"]
[Date "2009.11.25"]
[Round "4.42"]
[White "Bezanilla Fernandez, Angel"]
[Black "Rubio Mancebon, Pedro Jose"]
[Result "0-1"]
[WhiteElo "1747"]
[BlackElo "1940"]
[PlyCount "52"]
[EventDate "2009.11.22"]
[EventType "team-"]
[EventRounds "7"]
[EventCountry "ESP"]
[Source "lmi"]
[SourceDate "2009.11.22"]

1. e4 e6 2. Nf3 d5 3. Nc3 Nf6 4. e5 Nfd7 5. d4 c5 6. dxc5 Nc6 7. Bf4 Bxc5 8.
Bd3 a6 9. O-O b5 10. a3 Qb6 11. Ne2 h6 12. c3 g5 13. Bg3 g4 14. Nfd4 Ndxe5 15.
Bc2 Bd7 16. Re1 O-O-O 17. b4 Be7 18. a4 h5 19. axb5 axb5 20. Nc1 Nc4 21. Ncb3
Nxd4 22. cxd4 Bxb4 23. Nc5 Bxc5 24. dxc5 Qxc5 25. Ra6 Kb7 26. Qa1 Ra8 0-1

[Event "España tch ONCE 2009 Segunda División"]
[Site "Fuengirola ESP"]
[Date "2009.11.25"]
[Round "4.43"]
[White "Sanchez Ruiz, Piedad Esmeralda"]
[Black "Gonzalez Quijano, Leopoldo"]
[Result "1-0"]
[WhiteElo "1958"]
[BlackElo "1692"]
[PlyCount "57"]
[EventDate "2009.11.22"]
[EventType "team-"]
[EventRounds "7"]
[EventCountry "ESP"]
[Source "lmi"]
[SourceDate "2009.11.22"]

1. e4 e6 2. d4 d5 3. Nc3 dxe4 4. Nxe4 Nd7 5. Nf3 Ngf6 6. Ng3 Be7 7. Bd3 O-O 8.
O-O c5 9. c3 Nb6 10. Qe2 Qc7 11. Ng5 g6 12. h4 h5 13. Qf3 cxd4 14. cxd4 Qd8 15.
Be3 Nbd5 16. Rac1 Nxe3 17. fxe3 Qd5 18. Qxd5 Nxd5 19. e4 Nb4 20. Bb1 Bd7 21.
Nf3 Rac8 22. a3 Rxc1 23. Rxc1 Nc6 24. e5 f6 25. b4 fxe5 26. dxe5 b5 27. Bxg6
Rf4 28. Bd3 a6 29. Nxh5 1-0

[Event "España tch ONCE 2009 Segunda División"]
[Site "Fuengirola ESP"]
[Date "2009.11.25"]
[Round "4.44"]
[White "Perez Perez, Isabel"]
[Black "Garcia Andrinal, Antonio"]
[Result "0-1"]
[WhiteElo "1556"]
[BlackElo "1774"]
[PlyCount "62"]
[EventDate "2009.11.22"]
[EventType "team-"]
[EventRounds "7"]
[EventCountry "ESP"]
[Source "lmi"]
[SourceDate "2009.11.22"]

1. e4 c5 2. Nc3 Nc6 3. f4 d6 4. Nf3 Nf6 5. Bc4 e6 6. O-O Be7 7. d3 O-O 8. a3 a6
9. Qe2 b5 10. Ba2 Nd4 11. Nxd4 cxd4 12. Nb1 Qc7 13. e5 dxe5 14. fxe5 Nd5 15. c4
dxc3 16. Nxc3 Nxc3 17. bxc3 Qxc3 18. Bb2 Qa5 19. Qg4 b4 20. axb4 Qxb4 21. Qxb4
Bxb4 22. Rf4 a5 23. Raf1 Bb7 24. Bb1 Bd2 25. Rh4 Bd5 26. Ba3 Rfc8 27. d4 h6 28.
Be4 Be3+ 29. Kh1 Bxe4 30. Rxe4 Rc3 31. h3 Rxa3 0-1

[Event "España tch ONCE 2009 Segunda División"]
[Site "Fuengirola ESP"]
[Date "2009.11.26"]
[Round "5.11"]
[White "Salas Rasilla, Concepcion"]
[Black "Fernandez Lago, David"]
[Result "0-1"]
[WhiteElo "1838"]
[BlackElo "2003"]
[PlyCount "92"]
[EventDate "2009.11.22"]
[EventType "team-"]
[EventRounds "7"]
[EventCountry "ESP"]
[Source "lmi"]
[SourceDate "2009.11.22"]

1. Nf3 d6 2. d4 g6 3. g3 f5 4. Bg2 Nf6 5. b3 Bg7 6. Bb2 e5 7. dxe5 Ng4 8. h3
Nxe5 9. Bxe5 dxe5 10. Qxd8+ Kxd8 11. Na3 Nc6 12. Rd1+ Bd7 13. Nc4 e4 14. Ng5
Ke7 15. h4 Nb4 16. O-O Nxc2 17. Rd2 Nd4 18. Rfd1 Rad8 19. Rxd4 Bxd4 20. Rxd4
Bb5 21. e3 Rxd4 22. exd4 h6 23. Nxe4 fxe4 24. Bxe4 Bxc4 25. bxc4 Rd8 26. d5 Kf6
27. Kg2 g5 28. hxg5+ hxg5 29. Kf3 Rd6 30. Ke3 Ra6 31. c5 Rxa2 32. d6 cxd6 33.
cxd6 b5 34. f3 Ra6 35. Bd3 Ra3 36. Kd4 b4 37. Be4 Rc3 38. Bd5 a5 39. f4 gxf4
40. gxf4 a4 41. f5 Rc1 42. d7 Ke7 43. Be6 Rd1+ 44. Kc4 b3 45. Kc3 Rxd7 46. Bxd7
Kxd7 0-1

[Event "España tch ONCE 2009 Segunda División"]
[Site "Fuengirola ESP"]
[Date "2009.11.26"]
[Round "5.12"]
[White "Lago Carballo, Carmen"]
[Black "Bezanilla Fernandez, Angel"]
[Result "1-0"]
[WhiteElo "1474"]
[BlackElo "1747"]
[PlyCount "23"]
[EventDate "2009.11.22"]
[EventType "team-"]
[EventRounds "7"]
[EventCountry "ESP"]
[Source "lmi"]
[SourceDate "2009.11.22"]

1. e4 c5 2. Nf3 e6 3. c3 Qc7 4. d4 cxd4 5. cxd4 a6 6. Nc3 d6 7. Bd3 Nd7 8. O-O
Ngf6 9. Qa4 Be7 10. e5 dxe5 11. dxe5 Ng4 12. Qxg4 1-0

[Event "España tch ONCE 2009 Segunda División"]
[Site "Fuengirola ESP"]
[Date "2009.11.26"]
[Round "5.13"]
[White "Gonzalez Quijano, Leopoldo"]
[Black "Martinez Perez, Carlos"]
[Result "1-0"]
[WhiteElo "1692"]
[BlackElo "1611"]
[PlyCount "133"]
[EventDate "2009.11.22"]
[EventType "team-"]
[EventRounds "7"]
[EventCountry "ESP"]
[Source "lmi"]
[SourceDate "2009.11.22"]

1. c4 e5 2. Nf3 Nc6 3. Nc3 d6 4. g3 Be6 5. d3 h6 6. Bg2 Qd7 7. h4 Nge7 8. a3 d5
9. cxd5 Nxd5 10. Rb1 Be7 11. O-O Nd4 12. Nxe5 Qd6 13. Nc4 Qd7 14. Ne3 Nxe3 15.
Bxe3 Nc6 16. Na4 Bd5 17. f3 b6 18. Nc3 Be6 19. Re1 Bh3 20. Bh1 h5 21. Ne4 f6
22. Nf2 g5 23. Rc1 Be6 24. Qc2 Bd5 25. Bd2 Bd6 26. e4 Nd4 27. Qc3 Be5 28. Qb4
Bb7 29. Be3 O-O-O 30. Rc4 Nc6 31. Qd2 Bxg3 32. Bg2 Kb8 33. Rec1 Bxf2+ 34. Qxf2
Rc8 35. hxg5 Ne5 36. Rd4 Qb5 37. Qc2 fxg5 38. f4 c5 39. Rd6 Nf7 40. Rf6 Qd7 41.
fxg5 Rc6 42. Rcf1 Rxf6 43. Rxf6 Qe7 44. Qc4 Rf8 45. Qe6 Qxe6 46. Rxe6 Rg8 47.
g6 Nd8 48. Rf6 Kc7 49. Bh3 Bc8 50. Bf4+ Kb7 51. Bg2 Bg4 52. e5+ Kc8 53. Bh6 Kd7
54. g7 Ke7 55. Be4 Be6 56. Bh7 Re8 57. Rf8 Nc6 58. Rxe8+ Kxe8 59. g8=Q+ Bxg8
60. Bxg8 Nxe5 61. Bh7 Kd7 62. Kg2 Kc6 63. Bg7 a5 64. Bxe5 Kd5 65. Bc3 c4 66.
Be4+ Kc5 67. d4+ 1-0

[Event "España tch ONCE 2009 Segunda División"]
[Site "Fuengirola ESP"]
[Date "2009.11.26"]
[Round "5.21"]
[White "Gimeno Diaz, Fernando"]
[Black "Zanoletty Garcia, David"]
[Result "1/2-1/2"]
[WhiteElo "1931"]
[BlackElo "2004"]
[PlyCount "43"]
[EventDate "2009.11.22"]
[EventType "team-"]
[EventRounds "7"]
[EventCountry "ESP"]
[Source "lmi"]
[SourceDate "2009.11.22"]

1. d4 d5 2. Nf3 Nf6 3. c4 e6 4. Nc3 Be7 5. Bg5 Nbd7 6. e3 O-O 7. Rc1 c6 8. Bd3
dxc4 9. Bxc4 Nd5 10. Bxe7 Qxe7 11. O-O Nxc3 12. Rxc3 e5 13. Re1 Rd8 14. a3 g6
15. b4 Kg7 16. Qb3 b5 17. Bf1 Bb7 18. Rec1 a6 19. Nxe5 Nxe5 20. dxe5 Qxe5 21.
Be2 Rd2 22. Bf3 1/2-1/2

[Event "España tch ONCE 2009 Segunda División"]
[Site "Fuengirola ESP"]
[Date "2009.11.26"]
[Round "5.22"]
[White "Rubio Mancebon, Pedro Jose"]
[Black "Sancho Luño, Vicente"]
[Result "1-0"]
[WhiteElo "1940"]
[BlackElo "1819"]
[PlyCount "49"]
[EventDate "2009.11.22"]
[EventType "team-"]
[EventRounds "7"]
[EventCountry "ESP"]
[Source "lmi"]
[SourceDate "2009.11.22"]

1. d4 d5 2. c4 e6 3. Nc3 Nf6 4. Nf3 Be7 5. Bg5 O-O 6. e3 c6 7. Bd3 h6 8. Bh4
Nh7 9. Bg3 Bd6 10. Qc2 Nf6 11. Ne5 Nbd7 12. Nxf7 Rxf7 13. Bxd6 Nf8 14. Bg3 Qe7
15. Qe2 N6d7 16. O-O e5 17. cxd5 cxd5 18. Nxd5 Qd6 19. Bc4 Ne6 20. Rad1 b6 21.
dxe5 Qf8 22. Nf4 Ndc5 23. b4 Nb7 24. Nxe6 Bxe6 25. Bxe6 1-0

[Event "España tch ONCE 2009 Segunda División"]
[Site "Fuengirola ESP"]
[Date "2009.11.26"]
[Round "5.23"]
[White "Bueno Cardenas, Rafael"]
[Black "Sanchez Ruiz, Piedad Esmeralda"]
[Result "0-1"]
[WhiteElo "1526"]
[BlackElo "1958"]
[PlyCount "82"]
[EventDate "2009.11.22"]
[EventType "team-"]
[EventRounds "7"]
[EventCountry "ESP"]
[Source "lmi"]
[SourceDate "2009.11.22"]

1. e4 c5 2. Nc3 e6 3. Bc4 a6 4. a4 Nc6 5. d3 Nf6 6. f4 d5 7. exd5 exd5 8. Qe2+
Be7 9. Ba2 O-O 10. Nf3 Re8 11. O-O Bd6 12. Qf2 Bc7 13. Bd2 h6 14. Qh4 Bf5 15.
Nd1 b5 16. Ne3 Bc8 17. Qf2 d4 18. Nd1 Be6 19. Bb1 Bd5 20. c3 Bb3 21. axb5 axb5
22. Rxa8 Qxa8 23. cxd4 cxd4 24. Qh4 Qd8 25. Nf2 Nd5 26. Ng4 Qxh4 27. Nxh4 Ne3
28. Nxe3 dxe3 29. Bc3 e2 30. Re1 Bxf4 31. Nf5 f6 32. Kf2 b4 33. Rxe2 Rxe2+ 34.
Kxe2 bxc3 35. bxc3 Bxh2 36. d4 Bc7 37. Bd3 Kf8 38. c4 g6 39. d5 Ne5 40. Nxh6
Kg7 41. Nf5+ gxf5 0-1

[Event "España tch ONCE 2009 Segunda División"]
[Site "Fuengirola ESP"]
[Date "2009.11.26"]
[Round "5.24"]
[White "Sanchez Ruiz, Justo"]
[Black "Samper Alarcon, Julio Alfredo"]
[Result "1-0"]
[WhiteElo "1789"]
[BlackElo "1591"]
[PlyCount "71"]
[EventDate "2009.11.22"]
[EventType "team-"]
[EventRounds "7"]
[EventCountry "ESP"]
[Source "lmi"]
[SourceDate "2009.11.22"]

1. e4 f6 2. Bc4 e6 3. d4 d5 4. exd5 exd5 5. Qh5+ g6 6. Qxd5 Qxd5 7. Bxd5 c6 8.
Bb3 Bg4 9. h3 Bd7 10. Nc3 Bb4 11. Nge2 Na6 12. a3 Bxc3+ 13. Nxc3 Nc7 14. O-O
O-O-O 15. Re1 Re8 16. Rxe8+ Bxe8 17. d5 cxd5 18. Nxd5 Nxd5 19. Bxd5 Bc6 20.
Bxc6 bxc6 21. Be3 Ne7 22. Bxa7 Rd8 23. Re1 Rd7 24. Bc5 Nd5 25. Re6 Kb7 26. g3
f5 27. h4 f4 28. gxf4 Nxf4 29. Re7 Rxe7 30. Bxe7 Kb6 31. Kh2 Kb5 32. Bg5 Ne2
33. Be3 Kc4 34. Kg2 Nd4 35. Bxd4 Kxd4 36. Kf3 1-0

[Event "España tch ONCE 2009 Segunda División"]
[Site "Fuengirola ESP"]
[Date "2009.11.26"]
[Round "5.33"]
[White "Sanz Garcia, Ramon"]
[Black "Suarez Hernandez, Francisco"]
[Result "0-1"]
[WhiteElo "1624"]
[BlackElo "1654"]
[PlyCount "32"]
[EventDate "2009.11.22"]
[EventType "team-"]
[EventRounds "7"]
[EventCountry "ESP"]
[Source "lmi"]
[SourceDate "2009.11.22"]

1. Nf3 c5 2. c4 Nc6 3. d4 e6 4. Nc3 Nf6 5. e4 cxd4 6. Nxd4 d6 7. Be2 a6 8. O-O
Be7 9. Be3 Qc7 10. Qc2 O-O 11. Nf3 Ng4 12. Bf4 Qb6 13. h3 Nf6 14. e5 dxe5 15.
Nxe5 Nd4 16. Qd3 Rd8 0-1

[Event "España tch ONCE 2009 Segunda División"]
[Site "Fuengirola ESP"]
[Date "2009.11.26"]
[Round "5.41"]
[White "Rodriguez Aguilera, Aurelio"]
[Black "Fernandez Cabello, Emilio"]
[Result "1/2-1/2"]
[WhiteElo "1981"]
[BlackElo "1830"]
[PlyCount "49"]
[EventDate "2009.11.22"]
[EventType "team-"]
[EventRounds "7"]
[EventCountry "ESP"]
[Source "lmi"]
[SourceDate "2009.11.22"]

1. d4 Nf6 2. c4 g6 3. Nc3 Bg7 4. e4 d6 5. Nf3 O-O 6. Be2 e5 7. d5 Nbd7 8. O-O
a5 9. Ne1 Nc5 10. Qc2 Ne8 11. Be3 f5 12. f3 f4 13. Bxc5 dxc5 14. Nd3 b6 15. a3
Nd6 16. Nf2 g5 17. Na2 Rf7 18. b4 Bf8 19. bxc5 bxc5 20. Nd3 Qf6 21. Nxc5 Nf5
22. exf5 Bxc5+ 23. Kh1 Bxf5 24. Bd3 Bd7 25. Nc3 1/2-1/2

[Event "España tch ONCE 2009 Segunda División"]
[Site "Fuengirola ESP"]
[Date "2009.11.26"]
[Round "5.42"]
[White "Escabias Perez, Miguel"]
[Black "Delgado Lagares, Francisco Javier"]
[Result "0-1"]
[WhiteElo "1733"]
[BlackElo "1682"]
[PlyCount "92"]
[EventDate "2009.11.22"]
[EventType "team-"]
[EventRounds "7"]
[EventCountry "ESP"]
[Source "lmi"]
[SourceDate "2009.11.22"]

1. e4 c5 2. Nc3 Nc6 3. f4 e6 4. Nf3 a6 5. d4 cxd4 6. Nxd4 Qc7 7. Be2 Be7 8. O-O
Nxd4 9. Bd3 Nc6 10. e5 d6 11. Qg4 dxe5 12. Qxg7 Bf6 13. Qg3 Bd7 14. Be3 O-O-O
15. Na4 Nd4 16. fxe5 Bxe5 17. Nb6+ Kb8 18. Nxd7+ Rxd7 19. Bf4 Bxf4 20. Rxf4 Ne7
21. Rxf7 Qxg3 22. hxg3 Rhd8 23. Rxh7 Nef5 24. Rxd7 Rxd7 25. g4 Ng7 26. Kf2 Kc7
27. Ke3 e5 28. Rf1 Nde6 29. Ke4 Kd6 30. Rd1 Ng5+ 31. Ke3 Ke7 32. Rh1 Rd4 33.
Be2 Re4+ 34. Kd2 Rf4 35. Ke3 N7e6 36. g3 Rf6 37. Bd3 Rf3+ 38. Kd2 Rxg3 39. Bf5
Nc5 40. Rh5 Nce4+ 41. Bxe4 Nxe4+ 42. Ke2 Kd6 43. Rh6+ Kd5 44. Rg6 Rg2+ 45. Kd3
Nf2+ 46. Kc3 Rxg4 0-1

[Event "España tch ONCE 2009 Segunda División"]
[Site "Fuengirola ESP"]
[Date "2009.11.26"]
[Round "5.43"]
[White "Devesa Seoane, Antonio"]
[Black "De Los Heros Torres, Francisco"]
[Result "1-0"]
[WhiteElo "1829"]
[BlackElo "1692"]
[PlyCount "49"]
[EventDate "2009.11.22"]
[EventType "team-"]
[EventRounds "7"]
[EventCountry "ESP"]
[Source "lmi"]
[SourceDate "2009.11.22"]

1. e4 e6 2. d4 d5 3. Nc3 Nf6 4. exd5 exd5 5. Bd3 c6 6. Nge2 Bd6 7. O-O Bxh2+ 8.
Kxh2 Ng4+ 9. Kg3 h5 10. Re1 h4+ 11. Kf3 Nh2+ 12. Ke3 Qg5+ 13. Nf4 Be6 14. Ke2
Rh6 15. Be3 Ng4 16. Qd2 Nxe3 17. Qxe3 Nd7 18. Kd2 O-O-O 19. Nxe6 Qxe3+ 20. Rxe3
Rxe6 21. Rxe6 fxe6 22. Re1 Rf8 23. f3 Rf6 24. Nd1 g5 25. Nf2 1-0

[Event "España tch ONCE 2009 Segunda División"]
[Site "Fuengirola ESP"]
[Date "2009.11.26"]
[Round "5.44"]
[White "Diez Asensio, Jesus"]
[Black "Bernabe Monteagudo, Francesc"]
[Result "1-0"]
[WhiteElo "1821"]
[BlackElo "1876"]
[PlyCount "43"]
[EventDate "2009.11.22"]
[EventType "team-"]
[EventRounds "7"]
[EventCountry "ESP"]
[Source "lmi"]
[SourceDate "2009.11.22"]

1. d4 d5 2. c4 e6 3. Nc3 Nf6 4. Bg5 Nbd7 5. e3 c6 6. Nf3 Qa5 7. cxd5 Nxd5 8.
Qd2 Bb4 9. Rc1 h6 10. Bh4 N7b6 11. Bd3 Na4 12. O-O b6 13. Ne5 Ndxc3 14. bxc3
Bxc3 15. Qe2 Bb7 16. Qg4 g5 17. Bg3 b5 18. Qh5 Rf8 19. Qxh6 O-O-O 20. Be4 Qb6
21. Qf6 b4 22. Nc4 1-0

[Event "España tch ONCE 2009 Segunda División"]
[Site "Fuengirola ESP"]
[Date "2009.11.27"]
[Round "6.11"]
[White "Fernandez Lago, David"]
[Black "Fernandez Cabello, Emilio"]
[Result "1-0"]
[WhiteElo "2003"]
[BlackElo "1830"]
[PlyCount "57"]
[EventDate "2009.11.22"]
[EventType "team-"]
[EventRounds "7"]
[EventCountry "ESP"]
[Source "lmi"]
[SourceDate "2009.11.22"]

1. d4 Nf6 2. c4 g6 3. Nc3 Bg7 4. e4 d6 5. Be2 O-O 6. g4 e5 7. d5 c6 8. g5 Ne8
9. h4 f5 10. gxf6 Nxf6 11. h5 a5 12. hxg6 hxg6 13. Qd3 Bg4 14. Qg3 Qd7 15. f3
Bh5 16. Bf1 Na6 17. Bh3 Qe7 18. Be6+ Kh7 19. Bg5 Nc5 20. Bg4 Nd3+ 21. Kd2 Nf4
22. Nge2 Bh6 23. Bxh6 Kxh6 24. Rag1 Rg8 25. Nxf4 exf4 26. Qxf4+ g5 27. Qh2 Qe5
28. Bxh5 Qxh2+ 29. Rxh2 1-0

[Event "España tch ONCE 2009 Segunda División"]
[Site "Fuengirola ESP"]
[Date "2009.11.27"]
[Round "6.12"]
[White "Escabias Perez, Miguel"]
[Black "Lago Carballo, Carmen"]
[Result "1-0"]
[WhiteElo "1733"]
[BlackElo "1474"]
[PlyCount "77"]
[EventDate "2009.11.22"]
[EventType "team-"]
[EventRounds "7"]
[EventCountry "ESP"]
[Source "lmi"]
[SourceDate "2009.11.22"]

1. e4 d5 2. exd5 Qxd5 3. Nc3 Qe5+ 4. Be2 c6 5. Nf3 Qa5 6. O-O Nf6 7. d4 Bf5 8.
Bd2 Qc7 9. Re1 e6 10. Nh4 Bg6 11. Nxg6 hxg6 12. h3 Nbd7 13. Bf3 Bd6 14. Rc1 b5
15. Ne2 Rc8 16. c4 Qb8 17. d5 cxd5 18. cxd5 e5 19. Nd4 O-O 20. Nc6 Qb7 21. Bc3
Rfe8 22. a3 e4 23. Be2 Nxd5 24. Qxd5 Rxc6 25. Bxb5 Nb8 26. Bxc6 Qxc6 27. Qd4
Be5 28. Qxa7 Bxc3 29. Rxc3 Qe6 30. Rec1 Nd7 31. Rc8 Kh7 32. Rxe8 Qxe8 33. Qe3
Nf6 34. b4 Nd5 35. Qd2 Qe6 36. Rd1 e3 37. Qxd5 Qxd5 38. Rxd5 e2 39. Re5 1-0

[Event "España tch ONCE 2009 Segunda División"]
[Site "Fuengirola ESP"]
[Date "2009.11.27"]
[Round "6.13"]
[White "Martinez Perez, Carlos"]
[Black "De Los Heros Torres, Francisco"]
[Result "1-0"]
[WhiteElo "1611"]
[BlackElo "1692"]
[PlyCount "69"]
[EventDate "2009.11.22"]
[EventType "team-"]
[EventRounds "7"]
[EventCountry "ESP"]
[Source "lmi"]
[SourceDate "2009.11.22"]

1. e4 e6 2. d4 d5 3. Nc3 Nf6 4. e5 Nfd7 5. f4 c5 6. Be3 Nc6 7. Nf3 Qb6 8. a3
cxd4 9. Nxd4 Nxd4 10. Bxd4 Qd8 11. Nb5 a6 12. Nc3 Bc5 13. Ne2 O-O 14. b4 Bxd4
15. Nxd4 f6 16. Nxe6 Qe7 17. Nxf8 Qxf8 18. e6 Nb6 19. f5 Qd6 20. Qd4 Na4 21.
Be2 b5 22. O-O Bb7 23. c4 bxc4 24. Bxc4 Rc8 25. Rac1 Nb6 26. Bb3 Rd8 27. Rc2
Nc8 28. Rfc1 Ne7 29. Qc5 Nxf5 30. Qxd6 Nxd6 31. Rc7 Bc8 32. Bxd5 Ne8 33. Rxc8
Rxc8 34. Rxc8 Kf8 35. Ra8 1-0

[Event "España tch ONCE 2009 Segunda División"]
[Site "Fuengirola ESP"]
[Date "2009.11.27"]
[Round "6.31"]
[White "Zanoletty Garcia, David"]
[Black "Diez Asensio, Jesus"]
[Result "1-0"]
[WhiteElo "2004"]
[BlackElo "1821"]
[PlyCount "35"]
[EventDate "2009.11.22"]
[EventType "team-"]
[EventRounds "7"]
[EventCountry "ESP"]
[Source "lmi"]
[SourceDate "2009.11.22"]

1. Nf3 Nf6 2. b3 d5 3. Bb2 g6 4. d4 Bg7 5. g3 O-O 6. Bg2 c5 7. dxc5 Na6 8. Nbd2
Nxc5 9. O-O b6 10. c4 Bb7 11. Rc1 Re8 12. Ne5 Nfe4 13. Rc2 Qd6 14. f4 Red8 15.
Qc1 Nxd2 16. Rxd2 Ne4 17. Bxe4 Qc5+ 18. Bd4 1-0

[Event "España tch ONCE 2009 Segunda División"]
[Site "Fuengirola ESP"]
[Date "2009.11.27"]
[Round "6.32"]
[White "Ampudia Asensio, Jose Luis"]
[Black "Rubio Mancebon, Pedro Jose"]
[Result "1-0"]
[WhiteElo "1591"]
[BlackElo "1940"]
[PlyCount "107"]
[EventDate "2009.11.22"]
[EventType "team-"]
[EventRounds "7"]
[EventCountry "ESP"]
[Source "lmi"]
[SourceDate "2009.11.22"]

1. d4 d5 2. Nf3 Nf6 3. c4 c6 4. Qc2 e6 5. g3 Nbd7 6. Bg2 Bd6 7. O-O O-O 8. Bg5
h6 9. Bxf6 Nxf6 10. Nbd2 Qc7 11. e4 dxe4 12. Nxe4 Be7 13. Rac1 Rb8 14. Rfd1
Nxe4 15. Qxe4 Bf6 16. Ne5 c5 17. f4 cxd4 18. Qxd4 b6 19. Qd6 Qxd6 20. Rxd6 Ba6
21. Rd7 Bxe5 22. fxe5 Rbc8 23. b3 Rc5 24. Rxa7 Bc8 25. Re1 Rd8 26. Kf2 Rd2+ 27.
Re2 Rxe2+ 28. Kxe2 Rxe5+ 29. Kd3 Ra5 30. Rxa5 bxa5 31. a3 Kf8 32. b4 axb4 33.
axb4 e5 34. b5 f5 35. c5 Ke7 36. Bd5 e4+ 37. Kd4 Kd8 38. b6 Ba6 39. Be6 Bc8 40.
b7 Bxb7 41. Bxf5 Ke7 42. Bxe4 Bc8 43. Ke5 g5 44. c6 h5 45. Bf5 Ba6 46. c7 Kf7
47. c8=Q Bxc8 48. Bxc8 Kg6 49. Bf5+ Kg7 50. Be4 h4 51. Kf5 Kh6 52. Kg4 Kg7 53.
Kxg5 hxg3 54. hxg3 1-0

[Event "España tch ONCE 2009 Segunda División"]
[Site "Fuengirola ESP"]
[Date "2009.11.27"]
[Round "6.33"]
[White "Sanchez Ruiz, Piedad Esmeralda"]
[Black "Sanz Garcia, Ramon"]
[Result "1/2-1/2"]
[WhiteElo "1958"]
[BlackElo "1624"]
[PlyCount "76"]
[EventDate "2009.11.22"]
[EventType "team-"]
[EventRounds "7"]
[EventCountry "ESP"]
[Source "lmi"]
[SourceDate "2009.11.22"]

1. e4 c6 2. d4 d5 3. e5 c5 4. c3 Nc6 5. Nf3 Bg4 6. Be2 e6 7. O-O Qc7 8. Nbd2
cxd4 9. cxd4 Nge7 10. h3 Bf5 11. Nb3 Na5 12. Nc5 Nec6 13. Nd3 Be7 14. b3 Nb4
15. Bb2 Nxd3 16. Bxd3 Bxd3 17. Qxd3 h6 18. Rac1 Nc6 19. a3 O-O 20. b4 Qd8 21.
Nh2 f6 22. exf6 Bxf6 23. Ng4 Qe8 24. f4 Rc8 25. Rce1 Rc7 26. f5 Re7 27. fxe6
Rxe6 28. Ne5 Bg5 29. Rxf8+ Qxf8 30. Rf1 Qe8 31. Kh1 Bf6 32. Qb5 Nxe5 33. Qxe8+
Rxe8 34. dxe5 Bg5 35. Rd1 Rd8 36. Bd4 b6 37. g4 Kf7 38. Kg2 Ke6 1/2-1/2

[Event "España tch ONCE 2009 Segunda División"]
[Site "Fuengirola ESP"]
[Date "2009.11.27"]
[Round "6.41"]
[White "Salas Rasilla, Concepcion"]
[Black "Gimeno Diaz, Fernando"]
[Result "0-1"]
[WhiteElo "1838"]
[BlackElo "1931"]
[PlyCount "128"]
[EventDate "2009.11.22"]
[EventType "team-"]
[EventRounds "7"]
[EventCountry "ESP"]
[Source "lmi"]
[SourceDate "2009.11.22"]

1. e4 c5 2. c3 Nf6 3. e5 Nd5 4. d4 cxd4 5. Qxd4 e6 6. Nf3 Nc6 7. Qe4 d6 8. Nbd2
dxe5 9. Nxe5 Nxe5 10. Qxe5 Qd6 11. Bb5+ Bd7 12. Bxd7+ Qxd7 13. Nf3 Nf6 14. O-O
Be7 15. Bg5 O-O 16. Rfd1 Qc6 17. h3 Rfd8 18. Nd4 Qc5 19. Bxf6 gxf6 20. Qe2 Qe5
21. Qg4+ Kh8 22. Re1 Qd5 23. Qe4 Qxe4 24. Rxe4 Bc5 25. Kf1 a6 26. Ke2 Rd5 27.
Nf3 Rad8 28. c4 R5d6 29. a3 e5 30. b4 Ba7 31. Rc1 Rd3 32. Ra1 Rb3 33. Ra2 Rdd3
34. c5 Rxa3 35. Rxa3 Rxa3 36. Nd2 Ra2 37. Kd3 a5 38. bxa5 Bxc5 39. f4 Rxa5 40.
fxe5 fxe5 41. Rxe5 Ra3+ 42. Kc4 b6 43. Ne4 Ra4+ 44. Kd5 Ra2 45. Nxc5 bxc5 46.
Kxc5 Rxg2 47. Rf5 Kg7 48. Kd6 h6 49. Rf3 Kg6 50. Ke7 f5 51. Ke6 Re2+ 52. Kd5
Kg5 53. Kd4 f4 54. Kd3 Re8 55. Kd2 Kf5 56. Kd3 h5 57. Kd2 h4 58. Ra3 Rg8 59.
Ra5+ Ke4 60. Ra4+ Kf3 61. Kd3 Rg3 62. Kd4 Kg2 63. Ke4 f3 64. Ra2+ f2 0-1

[Event "España tch ONCE 2009 Segunda División"]
[Site "Fuengirola ESP"]
[Date "2009.11.27"]
[Round "6.42"]
[White "Sancho Luño, Vicente"]
[Black "Bezanilla Fernandez, Angel"]
[Result "1/2-1/2"]
[WhiteElo "1819"]
[BlackElo "1747"]
[PlyCount "32"]
[EventDate "2009.11.22"]
[EventType "team-"]
[EventRounds "7"]
[EventCountry "ESP"]
[Source "lmi"]
[SourceDate "2009.11.22"]

1. e4 c5 2. Nf3 e6 3. Bc4 a6 4. a3 Qc7 5. d3 Nc6 6. h3 Nf6 7. O-O Be7 8. Nc3
O-O 9. Be3 Rb8 10. Qe2 b5 11. Ba2 Bb7 12. Bf4 d6 13. Rfe1 Nd7 14. Rab1 Bf6 15.
Bg5 Nce5 16. Nxe5 Bxg5 1/2-1/2

[Event "España tch ONCE 2009 Segunda División"]
[Site "Fuengirola ESP"]
[Date "2009.11.27"]
[Round "6.43"]
[White "Gonzalez Quijano, Leopoldo"]
[Black "Bueno Cardenas, Rafael"]
[Result "1-0"]
[WhiteElo "1692"]
[BlackElo "1526"]
[PlyCount "72"]
[EventDate "2009.11.22"]
[EventType "team-"]
[EventRounds "7"]
[EventCountry "ESP"]
[Source "lmi"]
[SourceDate "2009.11.22"]

1. c4 e5 2. Nc3 g6 3. Nf3 Bg7 4. g3 d6 5. Bg2 Ne7 6. O-O Nf5 7. Rb1 Nc6 8. a3
h5 9. d3 h4 10. e4 Nfd4 11. Nxh4 Be6 12. Nd5 g5 13. Nf3 Bg4 14. Ne3 Bxf3 15.
Bxf3 Qf6 16. Bg2 Rh7 17. b4 Kd7 18. Qg4+ Ne6 19. Nf5 Rah8 20. h4 Ncd4 21. Bxg5
Nxg5 22. Nxd4+ Ne6 23. Nf5 Bf8 24. Rbd1 c6 25. d4 Kc7 26. c5 exd4 27. cxd6+
Bxd6 28. f4 Bf8 29. e5 Qd8 30. Rd3 Kb8 31. Rfd1 a5 32. Nxd4 Nxd4 33. Rxd4 Qb6
34. Kh1 axb4 35. axb4 Bxb4 36. Qf3 Ba5 1-0

[Event "España tch ONCE 2009 Segunda División"]
[Site "Fuengirola ESP"]
[Date "2009.11.27"]
[Round "6.44"]
[White "Samper Alarcon, Julio Alfredo"]
[Black "Cadelo Herrera, Vicente"]
[Result "1-0"]
[WhiteElo "1591"]
[BlackElo "1600"]
[PlyCount "75"]
[EventDate "2009.11.22"]
[EventType "team-"]
[EventRounds "7"]
[EventCountry "ESP"]
[Source "lmi"]
[SourceDate "2009.11.22"]

1. e4 e5 2. Nf3 Nc6 3. Bc4 Nf6 4. Ng5 d5 5. exd5 Na5 6. d3 Qd7 7. O-O b5 8. Bb3
Nxb3 9. axb3 Qxd5 10. Nc3 Qc6 11. Qf3 Bb7 12. Qxc6+ Bxc6 13. Re1 Bd6 14. d4 Nd7
15. d5 Bb7 16. Nxb5 Bc5 17. Nxc7+ Ke7 18. Nxa8 Rxa8 19. Be3 Bxe3 20. Rxe3 f6
21. Nf3 Bxd5 22. Nd2 a6 23. f4 h5 24. fxe5 fxe5 25. Nc4 e4 26. Nd2 Nf6 27. Nc4
Bb7 28. h3 Rd8 29. Kf2 g5 30. Ke2 g4 31. Rd1 Nd5 32. Rxe4+ Kf6 33. Rf1+ Kg6 34.
Re6+ Kg5 35. Re5+ Kh4 36. hxg4 hxg4 37. Ne3 Nb4 38. Rf4 1-0